Reestructuración. Proyecto de colonización de Bataán
Uloženo v:
| Korporativní autor: | |
|---|---|
| Médium: | Text |
| Vydáno: |
San José:
El Instituto
|
| Tagy: |
Přidat tag
Žádné tagy, Buďte první, kdo vytvoří štítek k tomuto záznamu!
|
MARC
| LEADER | 00000 a a2200000 04500 | ||
|---|---|---|---|
| 001 | 17324 | ||
| 003 | |||
| 040 | |||
| 090 | |a 020600 | ||
| 110 | |a Instituto de Tierras y Colonización. Unidad Sectorial de Planificación (Costa Rica) | ||
| 245 | |a Reestructuración. Proyecto de colonización de Bataán | ||
| 260 | |a San José: |b El Instituto | ||
| 300 | |a 329 p | ||
| 999 | |c 15724 |d 15724 | ||
